Trong phòng chờ với bác sĩ Wynn Tập 1

Sách là tập hợp các bài viết giải đáp thắc mắc về sức khỏe, dinh dưỡng và làm đẹp dựa trên y học chứng cứ; giúp người đọc phân biệt tin đồn và thông tin khoa học, chăm sóc sức khỏe hiệu quả hơn....

全面介绍

Đã lưu trong:
书目详细资料
主要作者: Trần, Huỳnh Wynn
格式: 图书
语言:Vietnamese
出版: H. Thế giới 2025
主题:
标签: 添加标签
没有标签, 成为第一个标记此记录!
Thư viện lưu trữ: Thư viện Trường Đại học Nam Cần Thơ
LEADER 01037nam a22001937a 4500
001 NCT_4_023699
008 191031b xxu||||| |||| 00| 0 vie d
999 |c 9165  |d 9165 
020 |a 9786043926088  |c 149000 
082 0 4 |2 23rd ed.  |a 613  |b Tr121/T.1 
100 1 |a Trần, Huỳnh Wynn 
245 1 0 |a Trong phòng chờ với bác sĩ Wynn  |n Tập 1  |c Wynn Huỳnh Trần 
260 |a H.   |b Thế giới  |c 2025 
300 |a 231 tr.  |c 21 cm 
520 3 |a Sách là tập hợp các bài viết giải đáp thắc mắc về sức khỏe, dinh dưỡng và làm đẹp dựa trên y học chứng cứ; giúp người đọc phân biệt tin đồn và thông tin khoa học, chăm sóc sức khỏe hiệu quả hơn. 
653 |a Y đa khoa 
942 |2 ddc  |c BK 
952 |0 0  |1 0  |2 ddc  |4 0  |6 613_000000000000000_TR121_T_1  |7 0  |9 31037  |a 000001  |b 000001  |d 2025-06-30  |o 613 Tr121/T.1  |p MD.24065  |r 2025-06-30  |v 149000.00  |w 2025-06-30  |y BK 
980 |a Thư viện Trường Đại học Nam Cần Thơ